000 00539nam a22001817a 4500
005 20241003053717.0
008 241003b |||||||| |||| 00| 0 eng d
020 _a9781485133896
041 _aEnglish
082 _a345CRI
100 _lEnglish
245 _aCriminal Procedure Handbook /
_cedited by J Joubert et al.
250 _aThirteenth Edition
260 _aCape Town:
_bJuta and Company Ltd,
_c2020
300 _bli, 611 pages;
_c25 cm.
650 _aLegal practice
_bLaw
942 _cBK
_6ALISON_BN_VRIES
999 _c3200
_d3200